Capitales des pays en M - Statistiques

Statistiques générales
  • Ce quiz a été pris 117 fois
  • Le résultat moyen est 12 sur 18
Statistiques - réponses
Pays Capitales % Correct
Monaco Commune de Monaco
99%
Mexique Mexico
99%
Maroc Rabat
95%
Malte La Valette
88%
Mongolie Oulan-Bator
84%
Madagascar Antananarivo
83%
Macédoine du Nord Skopje
81%
Mali Bamako
76%
Moldavie Chișinău
74%
Malaisie Kuala Lumpur
72%
Monténégro Podgorica
67%
Maldives Malé
53%
Maurice Port-Louis
48%
Mauritanie Nouakchott
44%
Mozambique Maputo
42%
Malawi Lilongwe
33%
États fédérésde Micronésie Palikir
29%
Îles Marshall Delap-Uliga-Darrit
5%
Aucun quiz correspondant
Distribution des résultats
% des personnes avec chaque résultat
Percentile par nombre de réponses
Votre historique - résultats
Vous n’avez pas pris ce quiz